000 00741nam a2200289Ia 4500
005 20260324112030.0
008 008 260324s9999 xx 000 0 eng d
020 _a9781003454984
037 _aEBOOK
040 _aCRL
040 _beng
040 _cCRL
041 _2eng
041 _aeng
084 _qCRL
100 _aUzaina Uzaina; Rajesh Verma; Ruchi Pandey
_91141019
245 4 _aThe Psychological After-Effects of Covid
245 0 _bPost-Pandemic Complications and Interventions in India
260 _bTaylor and Francis
260 _c2024
365 _a
365 _b230
856 _uhttp://www.taylorfrancis.com/books/9781003454984
942 _cEBOOK
999 _c1730058
_d1730058